000
00310nam a2200121Ia 4500
008
190216s9999||||xx |||||||||||||| ||und||
100
_a
William Shakespeare
245
0
_a
All`S Will That Ends Well
260
_b
Washington Square Press Pvt Ltd
_c
1965
300
_a
116p
650
_a
English Drama
942
_c
BK
999
_c
12453
_d
12453